Conhecimentos básicos sobre células - Statistics

Estatísticas Gerais
  • Esse quiz foi jogado 132 vezes
  • A pontuação média é 7 de 9
Estatísticas das Respostas
Dica Resposta % Correto
Material genético presente dentro das células DNA
95%
Seres vivos formados por apenas uma células Unicelular
90%
Possui núcleo Eucarionte
89%
Não possui núcleo Procarionte
89%
Seres vivos formados por mais de uma célula Pluricelular
88%
Microorganismo que não possui células por isso invade as celulas de outros microorganismos Vírus
82%
Seres vivos que não possuem células Acelular
69%
Tipo de célula presente nos animais Celula animal
32%
Tipo de célula presente nas plantas Célula vegetal
32%
Nenhum quiz correspondente encontrado
Distribuição das Pontuações
Porcentagem de Pessoas com Cada Pontuação
Percentil de Números Respondidos
Sua Pontuação Histórica
Você não jogou esse quiz